000 01197cam a22003377a 4500
003 CHAP
005 20220329141256.0
008 971010s1989 r 00010 d
010 _a65579
011 _a66551
035 _a74876
040 _cCHAP
090 _aTesis
100 0 0 _aSérbulo Sosa, Juan Carlos.
_9108273
245 0 _aRespuesta del crisantemo (Chrysanthemum morifolium Ramat) cv. Indianapolis White, a las aplicaciones de ácido giberélico (AG3) y fertilizante foliar
260 _aChapingo, Méx. :
_bEl autor,
_c1989
300 _a73 h.
_b: gráfs.
502 _aTesis (Ing. Agr. Esp. en Suelos) -- UACH. Departamento de Suelos
590 _aALEPH
_b10
_c20130110
_lUCH01
_h1357
590 _aBATCH-UPD
_b10
_c20130110
_lUCH01
_h1758
590 _aBATCH-UPD
_b10
_c20130410
_lUCH01
_h1135
590 _aBATCH-UPD
_b10
_c20130914
_lUCH01
_h1057
590 _aCONVERSION
_b10
_c20130109
_lUCH01
_h1336
650 1 4 _aAcido giberelico
_xEfecto en plantas.
_9587
650 1 4 _aCrisantemo
_xRendimiento.
_928966
650 1 4 _aDendranthema morifolium.
_931769
650 1 4 _aFertilización foliar.
_940445
901 _aBK
942 _cTESIS
949 _bS
_cTESBD
_d-7784
_eTS1
_i74876
_si
999 _c65579
_d65579